000 00751nam a2200205 i 4500
001 42937
003 ES-MaACL
005 20251015063055.0
007 t|
008 030314s1959 sp ||||1| spa d
100 1 _aCellini, Benvenuto,
_d1500-1571
_937369
245 1 0 _aMemorias y otros escritos /
_cBenvenuto Cellini ; traducción directa del italiano por J. Farrán y Mayoral ; con un prólogo y notas de Montserrat Corominas.
260 _aBarcelona :
_bIberia,
_c[1959] (
_fGráf. Diamante)
300 _a2 v. ;
_c19 cm.
600 1 4 _aCellini, Benvenuto,
_d1500-1571
_937369
700 1 _aFarrán y Mayoral, J.
_948882
700 1 _aCorominas, Montserrat.
_940659
852 _aES-MaACL
_jE-3673-74
_bR.46040
999 _c42937
_d42937